Normal view
MARC view
- Detective and mystery stories.
Entry Topical Term
001 - CONTROL NUMBER
- control field: 8228
003 - CONTROL NUMBER IDENTIFIER
- control field: NUST
005 - DATE AND TIME OF LATEST TRANSACTION
- control field: 20180111100154.0
008 - FIXED-LENGTH DATA ELEMENTS
- fixed length control field: 180111|| aca||aabn | a|a d
040 ## - CATALOGING SOURCE
- Original cataloging agency: NUST
- Transcribing agency: NUST
150 ## - HEADING--TOPICAL TERM
- Topical term or geographic name entry element: Detective and mystery stories.
670 ## - SOURCE DATA FOUND
- Source citation: Work cat.: (NUST)0: The Best American mystery stories ,2001 /
